000 01201cab a2200349 4500
001 WB3040-81
008 090401t1994 xxu||||| |||| 00| 0 eng d
035 _a(Sirsi) u76057
041 _aeng
245 _aTransport and pollution
260 _c1994
300 _aLOAN
350 _a0
490 _aRoyal Commission on Environmental Pollution News Release
_v26 October 1994, (7)
490 _aFinancial Times
_v27 October 1994, 12
490 _aTimes
_v27 October 1994, 11(9)
520 _aA review of the recommendations of the report by the Royal Commission on Environmental Pollution, "Transport and the environment". It presents radical proposals for a future transport policy to curb the environmental effects of the car. (HMSO £25.60).
650 _aAIR POLLUTION
650 _aFUTURE
650 _aGREENHOUSE EFFECT
650 _aInfrastructure
_96246
650 _aNOISE
650 _aPUBLIC TRANSPORT
650 _aROAD ACCIDENTS
650 _aROADBUILDING
650 _aROYAL COMMISSION ON ENVIRONMENTAL POLLUTION
650 _aTRAFFIC CONGESTION
650 _aTRANSPORT POLICY
690 _aTRANSPORT AND COMMUNICATIONS
942 _n0
948 _c04/03/1997
999 _c47856
_d47856